000 00884nam a2200217 a 4500
001 000045490
005 20201002052259.0
008 150410s2015 dr 000 0 spa d
020 _a9789945080926
040 _aDO-SdBNP
_bspa
_cBNPHU
082 _axxxx
_bxxxx
100 1 _aLeonardo, Rafael
_973543
245 1 3 _aUn tiempo vivido con Claudia /
_cRafael Leonardo ; con la colaboración especial de Arelis Oviedo y Genova de la Rosa ; prólogo Juan Bolívar Rodríguez.
260 _aSanto Domingo
_as. n.,
_c2015.
300 _a214 p. ;
_c21 cm.
490 1 _aHistorias juveniles de aventura social
_v1
500 _aLa biblioteca posee 1 ejemplar autografiado por el autor
500 _aIncluye datos biográficos del autor en la solapa de la contracubierta
700 1 2 _aBolívar Rodríguez, Juan,
_epról.
_973544
830 0 _aHistorias juveniles de aventura social ;
_n1
_973545
999 _c44979
_d44979